Culture Générale - Série 893 - Statistiques

Statistiques générales
  • Ce quiz a été pris 137 fois
  • Le résultat moyen est 7 sur 10
Statistiques - réponses
Question Réponse % Correct
Les deux disciplines de la lutte aux jeux Olympiques sont la lutte libre et la lutte gréco-... romaine
100%
Quelle note de musique était autrefois appelée "ut" ? do
98%
Quand on change subitement d'opinion, on fait volte-... face
98%
Quel synonyme anglais de "Jour-J" désigne le débarquement des alliés sur les plages normandes en 1944 ? D-Day
90%
Eddy Mitchell en 1976 chante "Sur la route de ... Memphis
87%
Dans un tube de 1987, quelle chanteuse se demande où est "Babacar" ? France Gall
73%
Complétez ce titre d'un livre de J.K. Rowling : "Harry Potter et le prisonnier... d'Azkaban
69%
Quel boulevard parisien est surnommé le Boul'Mich ? boulevard Saint-Michel
58%
En juin 1942, quelle victoire aéronavale les Américains remportent-ils sur les Japonais au nord-ouest des îles Hawaï ? La bataille de Midway
27%
Quel ancien président de la Turquie est plus connu sous le nom d'Atatürk ? Mustafa Kemal
14%
Aucun quiz correspondant
Distribution des résultats
% des personnes avec chaque résultat
Percentile par nombre de réponses
Votre historique - résultats
Vous n’avez pas pris ce quiz